000 002780000a22000970004500
100 1 _aNeira, Armando
245 1 0 _aEl reino de los invisibles : Viaje al corazón de los dueños de la calle
300 _aVol. 17, Núm 17 (1993), Páginas 22-24
773 0 _tCambio 16
942 _cANA
999 _c58368
_d58368